European Countries With the Most 100K+ Cities - Statistics

General Stats
  • This quiz has been taken 58 times
  • The average score is 14 of 16
Answer Stats
# of Urban Areas Exceeding 100,000 Inhabitants Country % Correct
40 France
100%
45 Italy
100%
120 Russia
100%
62 Spain
100%
84 United Kingdom
100%
81 Germany
98%
38 Poland
96%
44 Ukraine
92%
20 Romania
90%
28 Netherlands
88%
9 Sweden
88%
8 Belgium
84%
8 Hungary
80%
9 Finland
73%
8 Türkiye
73%
15 Belarus
69%
No matching quizzes found
Score Distribution
Percent of People with Each Score
Percentile by Number Answered
Your Score History
You have not taken this quiz